Т. 4. Центр европейской части СССР. (Московская, Владимирская, Ивановская, Калининская, Калужская, Костромская, Рязанская, Тульская, Смоленская и Ярославская области). Геологическое описание; Геология СССР

Dades bibliogràfiques
Parent link:Геология СССР/ Гл. ред. А. В. Сидоренко. Т. 4. Центр европейской части СССР. (Московская, Владимирская, Ивановская, Калининская, Калужская, Костромская, Рязанская, Тульская, Смоленская и Ярославская области). Геологическое описание.— , 1957-
Altres autors: Леоненко И. Н. (редактор), Шик С. М.
Idioma:rus
Publicat: 1971
Matèries:
Format: MixedMaterials Llibre
KOHA link:https://koha.lib.tpu.ru/cgi-bin/koha/opac-detail.pl?biblionumber=47109

MARC

LEADER 00000nam2a2200000 4500
001 47109
005 20231031025610.0
035 |a (RuTPU)RU\TPU\book\49203 
035 |a RU\TPU\book\49202 
090 |a 47109 
100 |a 20030203d1971 k y0rusy50 ca 
101 0 |a rus 
102 |a RU 
105 |a a z 001zy 
200 0 |a Т. 4. Центр европейской части СССР. (Московская, Владимирская, Ивановская, Калининская, Калужская, Костромская, Рязанская, Тульская, Смоленская и Ярославская области). Геологическое описание  |f ред. И. Н. Леоненко; соред. С. М. Шик 
210 |d 1971 
215 |a 743 с.  |c ил.  |e Прил.: 9 л. карт в папке. 
320 |a Библиогр.: с. 707-742. 
461 1 |0 (RuTPU)RU\TPU\book\49176  |t Геология СССР  |f Гл. ред. А. В. Сидоренко  |v Т. 4. Центр европейской части СССР. (Московская, Владимирская, Ивановская, Калининская, Калужская, Костромская, Рязанская, Тульская, Смоленская и Ярославская области). Геологическое описание  |d 1957- 
610 1 |a геология 
610 1 |a СССР 
610 1 |a Европейская часть 
610 1 |a Московская область 
610 1 |a Владимирская область 
610 1 |a Ивановская область 
610 1 |a Калининская область 
610 1 |a Калужская область 
610 1 |a Костромская область 
610 1 |a Рязанская область 
610 1 |a Тульская область 
610 1 |a Смоленская область 
610 1 |a Ярославская область 
610 1 |a геологическое описание 
675 |a 55(с)  |v 3 
675 |a 55(с13)  |v 3 
702 1 |a Леоненко  |b И. Н.  |4 340 
702 1 |a Шик  |b С. М.  |4 340 
801 1 |a RU  |b 63413507  |c 20030203  |g PSBO 
801 2 |a RU  |b 63413507  |c 20060619  |g PSBO 
942 |c BK